000 00425nam a2200193Ia 4500
008 240509s9999 xx 000 0 und d
020 _a0000789701847
041 _aEng
082 _a005.7565
082 _bJ25
100 _aJENNINGS R.
245 0 _aUSING ACCESS 95
260 _bINDIANAPOLIS : QUE
260 _c1995
300 _a1290 p.
650 _aACCESS : DATABASE SYSTEMS
942 _2ddc
942 _cLBK
999 _c22801
_d22801
945 _a1
_bMadushi Gamage
_c1
_dMadushi Gamage